Primate societies / (Registro nro. 286)

Detalles MARC
000 -CABECERA
Campo de control 00656cam a2200205 a 4500
005 - FECHA Y HORA DE LA ULTIMA TRANSACCION
Campo de control 20160112130132.0
008 - ELEMENTOS DE LONGITUD FIJA—INFORMACION GENERAL
Campo de control 060907s1987 xxuab r 001 0 eng d
020 ## - ISBN
ISBN 0226767159
040 ## - FUENTE DE CATALOGACIÓN
Agencia catalogadora original DLC
Agencia transcriptora DLC
Agencia Modificadora YDX
-- BAKER
-- YDXCP
-- DLC
-- CO-BoIAVH
041 ## - IDIOMA
Código de idioma para texto/pista de sonido o título separado Inglés
044 ## - PAÍS DE PUBLICACIÓN
País de publicación Estados Unidos
082 04 - NUMERO DE CLASIFICACION DECIMAL DEWEY
Número de clasificación 599.8
Número del ítem P95p
245 00 - MENCION DE TITULO
Título Primate societies /
Mención de responsabilidad edited by Barbara B. Smuts y (otros 4 editores).
260 ## - PUBLICACION, DISTRIBUCION, ETC. (PIE DE IMPRENTA)
Lugar de publicación, distribución, etc. Chicago :
Nombre del editor, distribuidor, etc. The University of Chicago Press.
Fecha de publicación, distribución, etc. 1997
300 ## - DESCRIPCION FISICA
Extensión 577 páginas
504 ## - NOTA DE BIBLIOGRAFIA, ETC.
Nota de bibliografía Incluye referencias bibliográficas e índice.
650 14 - ASIENTO SECUNDARIO DE MATERIA - TERMINO TEMATICO
Término temático o nombre geográfico como elemento de entrada Primates
Subdivisión general Comportamiento
700 1# - ASIENTO SECUNDARIO - NOMBRE PERSONAL
Nombre personal Smuts, Barbara B.,
Término de relación editora
942 ## - ELEMENTOS ADICIONALES (KOHA)
Sistema de clasificación Dewey Decimal Classification
Tipo de ítem Libro
Existencias
Withdrawn status Lost status Sistema de Clasificación Damaged status No para préstamo Colección Inventariado Ubicación Permanente Ubicación actual Fecha de adquisición Fuente de Valor Valor Total Checkouts Número topográfico Inventario / Código de Barras Date last seen Ejemplar Price effective from Tipo de material
    Dewey Decimal Classification     General Inventariado 2017 Bogotá Bogotá 29/12/1997 Instituto 39000.00   LB-599.8 P95p 003560 04/12/2012 Ej. 1 04/12/2012 Libro